000 00803nam a2200193 a 4500
003 0
005 20250213090336.0
008 130905s19uu xx 00 eng d
050 _aPHS DS 135.N6.F7335
_b.Ah286 2012
100 _aAhmed, Shereen Ahmed Moosa.
245 _aAnne Frank's perspective to racial intolerance and persecution of Jews during the holocaust /
_cShereen Ahmed Moosa Ahmed.
260 _aLas PiƱas City, Philippines :
_bSouthville International School and Colleges,
_c2012.
300 _a39 pages :
_billustrations ;
_c28 cm.
504 _aIncludes bibliographical references.
600 _aFrank, Anne
_d1929-1945
_vDiaries.
650 _aHolocaust, Jewish (1939-1945)
_vPersonal narratives.
650 _aJews
_vPersecutions
_zNetherlands
_xHistory
_y20th century.
942 _2lcc
_cPASS
999 _c99087
_d99087